000 00539nam a2200217Ia 4500
008 210210b2010 xxu||||| |||| 00| 0 eng d
020 _a9788123919010
041 _aeng
082 _a070.1 HASM
100 _aHASAN (Seema)
245 _aMass communication
_bPrinciples and concepts
260 _aND
_bCBS Publishers and Distributors
_c2010
300 _axvi,844
650 _aPrinciples
650 _aMass
650 _aconcepts
650 _acommunication
650 _aand
690 _aMass Communication
906 _a067899
999 _c150910
_d150910